MARC

LEADER 00000nam0a2200000 4500
001 246625
005 20231101232226.0
035 |a (RuTPU)RU\TPU\book\268078 
090 |a 246625 
100 |a 20131206d m y0rusy50 ca 
101 0 |a rus 
102 |a RU 
105 |a y z 001zy 
200 1 |a Лабораторное оборудование для химического техникума 
210 |a Прага  |c Б. м.  |d Б. г. 
215 |a 20 с. 
606 1 |a Химические лаборатории  |x Оборудование  |2 stltpush  |3 (RuTPU)RU\TPU\subj\72789  |9 86183 
610 1 |a химические опыты 
610 1 |a проведение 
610 1 |a приборы 
610 1 |a лабораторный фарфор 
610 1 |a лабораторные инструменты 
610 1 |a лабораторное стекло 
610 1 |a химикалии 
675 |a 542.2  |v 3 
801 1 |a RU  |b 63413507  |c 20131206 
801 2 |a RU  |b 63413507  |c 20131216  |g RCR 
942 |c BK